Meteorologické zprávy

Bibliographic Details
Other Authors: Gregor, Alois, 1893-1972 (Publishing director), Brablec, Josef (Publishing director), Dvorný, Zdeňek (Publishing director), Šťastný, M. (Publishing director), Ulbrich, Štěpán (Publishing director), Šebek, Otto, 1926- (Publishing director), Strachota, Jan, 1935- (Publishing director), Škoda, Miroslav, 1933- (Publishing director)
Format: Journal
Language:Czech
Slovak
English
Russian
PhysicalDescription:zv. 30 cm
Published: Praha Bratislava Státní meteorologický ústav Štátny meteorologický ústav 1947-
Praha Bratislava Český hydrometeorologický ústav Slovenský hydrometeorologický ústav
ISSN:0026-1173
Subjects:

MARC

LEADER 00000cas a22000001a 4500
001 vtls008883943
003 SK-MaSNL
005 20260425194218.0
008 141119c1947 xr br|p r 0 0 b0cze
022 |a 0026-1173 
035 |a (SVKBB03)vtls000141981 
040 |a SVKBB  |b slo  |c SVKBB  |d SNK  |e AACR2 
041 0 |a cze  |a slo  |a eng  |a rus  |b eng 
043 |a e-xr---  |a e-xo--- 
044 |a xr  |c CZ  |a xo  |c SK 
072 7 |a 551  |x Geológia. Meteorológia. Klimatológia  |2 konspekt 
072 7 |a 556  |x Hydrológia  |2 konspekt 
080 |a 551.5  |2 2001 
080 |a 551.58  |2 2011 
080 |a 556  |2 2011 
080 |a 050  |2 2001 
080 |a (051)-027.561  |2 2011 
080 |a (437.3)  |2 2011 
080 |a (437.6)  |2 2011 
210 0 |a Meteorol. zpr. 
222 0 |a Meteorologické zprávy 
245 0 0 |a Meteorologické zprávy 
246 1 1 |a Meteorological bulletin 
246 1 1 |a Meteorologičeskije izvestija 
246 1 1 |a Bulletin météorologique 
246 1 1 |a Bulletin météorologique tchécoslovaque 
260 |a Praha  |b Státní meteorologický ústav  |a Bratislava  |b Štátny meteorologický ústav  |c 1947- 
260 3 |3 1994-  |a Praha  |b Český hydrometeorologický ústav  |a Bratislava  |b Slovenský hydrometeorologický ústav 
300 |a zv.  |c 30 cm 
310 |a 6x ročne 
362 0 |a Roč. I, č. 1 (1947)- 
500 |a Šéfred.: 1947-1950, Alois Gregor ; 1/1952-5/1954, Jozef Brablec ; 6/1954-6/1960, Zdeněk Dvorný ; 1/1961-6/1968, M. Šťastný ; 1/1969-4/1983, Š. Ulbrich ; 5/1983-2/1990, O. Šebek ; 3/1990-4/1990, J. Strachota ; 5/1990-1995, M. Škoda 
500 |a Vydané vo Via Terra - r. 1994-1995 
500 |a Podnázov v r. 1963-1991: časopis pro odborníky i veřejnost 
500 |a V r. 1994-1995 v tiráži podnázov: časopis pro odbornou veřejnost 
504 |a Bibliogr. ; Bibliogr. odkazy 
525 |a Od r. 1994 samostatne stránkovaná príloha v podobe vloženého dvojlistu, v ktorej sú na pokračovanie publikované: Kapitoly z dějin meteorologie Českých zemí a na Slovensku 
546 |a Čiast. text aj v slov., angl., ruš. 
546 |a Res. angl. 
650 0 7 |a meteorológia  |2 SNKPH  |9 873 
650 0 7 |a klimatológia  |2 SNKPH  |9 752 
650 0 7 |a hydrológia  |2 SNKPH  |9 853 
651 7 |a Česko  |2 SNKPHgeo  |9 16753 
651 7 |a Slovensko  |2 SNKPHgeo  |9 14231 
655 7 |a odborné časopisy  |2 SNKPH  |9 70505 
700 1 |a Gregor, Alois,  |d 1893-1972  |4 pbd  |9 191683 
700 1 |a Brablec, Josef  |4 pbd  |9 270573 
700 1 |a Dvorný, Zdeňek  |4 pbd  |9 270574 
700 1 |a Šťastný, M.  |4 pbd  |9 270575 
700 1 |a Ulbrich, Štěpán  |4 pbd  |9 270576 
700 1 |a Šebek, Otto,  |d 1926-  |4 pbd  |9 136089 
700 1 |a Strachota, Jan,  |d 1935-  |4 pbd  |9 194156 
700 1 |a Škoda, Miroslav,  |d 1933-  |4 pbd  |9 207402 
910 |a snk 
916 |a 1947-1950, 1952-1993 
958 |a NB 
999 |c 7162  |d 9092 
952 |t č. 1-6  |a SNK  |b SNK  |y PREZ  |7 0  |p 17A0238675  |o snkČSB 475/43/1990  |i snkČIP 3122/91  |f 1  |0 0  |1 0  |4 0  |d 2000-05-16  |l 0  |r 2005-01-02 00:00:00  |w 2026-02-21 
952 |a SNK  |b SNK  |y PREZ  |7 0  |p 17A0447685  |o snkČSB 475/9/1956 D1  |i snkČIP 1244/57  |0 0  |1 0  |4 0  |d 2004-11-26  |l 0  |r 2005-01-02 00:00:00  |w 2026-02-21 
952 |a SNK  |b SNK  |y PREZ  |7 0  |p 17A0447691  |o snkČSB 475/8/1955 D1  |i snkČIP 1675/56  |0 0  |1 0  |4 0  |d 2004-11-26  |l 0  |r 2005-01-02 00:00:00  |w 2026-02-21 
952 |a SNK  |b SNK  |y PREZ  |7 0  |p 17A0447692  |o snkČSB 475/7/1954 D1  |0 0  |1 0  |4 0  |d 2004-11-26  |l 0  |r 2005-01-02 00:00:00  |w 2026-02-21 
952 |a SNK  |b SNK  |y PREZ  |7 0  |p 17A0447716  |o snkČSB 475/4/1950 D1  |i snkČID 143/57  |8 1  |0 0  |1 0  |4 0  |d 2004-11-26  |l 0  |r 2005-01-02 00:00:00  |w 2026-02-21 
952 |a SNK  |b SNK  |y PREZ  |7 0  |p 17A0447708  |o snkČSB 475/18/1965 D1  |i snkČIP 1166/66  |0 0  |1 0  |4 0  |d 2004-11-26  |l 0  |r 2005-01-02 00:00:00  |w 2026-02-21 
952 |t č. 1-6  |a SNK  |b SNK  |y PREZ  |7 0  |p 17A0688569  |o snkČSB 475/15/1962 D1  |i snkČIP 1802/63  |0 0  |1 0  |4 0  |d 2011-03-01  |l 0  |r 2026-02-21 20:05:39  |w 2026-02-21 
952 |t č. 1-6  |a SNK  |b SNK  |y PREZ  |7 0  |p 17A0546963  |o snkČSB 475/12/1959  |i snkČIP 2493/61  |f 1  |3 rekatalogizácia  |0 0  |1 0  |4 0  |d 2007-04-18  |l 0  |r 2026-02-21 20:14:47  |w 2026-02-21 
952 |a SNK  |b SNK  |y PREZ  |7 0  |p 17A7632960  |o snkČSB 475/24/1971 D1  |i snkČIP 1122/72  |0 0  |1 0  |4 0  |d 2012-04-13  |l 0  |r 2026-02-21 20:19:12  |w 2026-02-21 
952 |t č. 1-6  |a SNK  |b SNK  |y PREZ  |7 0  |p 17A0594128  |o snkČSB 475/18/1965  |i snkČIP 1165/66  |f 1  |0 0  |1 0  |4 0  |d 2008-08-13  |l 0  |r 2026-02-21 20:28:47  |w 2026-02-21 
952 |t č. 1-6  |a SNK  |b SNK  |y PREZ  |7 0  |p 17A0546371  |o snkČSB 475/4/1950  |i snk1298/51  |f 1  |3 rekatalogizácia  |0 0  |1 0  |4 0  |d 2007-04-18  |l 0  |r 2026-02-21 20:38:29  |w 2026-02-21 
952 |t č. 1-6  |a SNK  |b SNK  |y PREZ  |7 0  |p 17A0546964  |o snkČSB 475/16/1963  |i snkČIP 246/65  |f 1  |3 rekatalogizácia  |0 0  |1 0  |4 0  |d 2007-04-18  |l 0  |r 2026-02-21 20:38:29  |w 2026-02-21 
952 |t č. 1-6  |a SNK  |b SNK  |y PREZ  |7 0  |p 17A0542970  |o snkČSB 475/1/1947  |i snk600/49  |f 1  |3 rekatalogizácia  |0 0  |1 0  |4 0  |d 2007-04-24  |l 0  |r 2026-02-21 20:38:40  |w 2026-02-21 
952 |t č. 1-6  |a SNK  |b SNK  |y PREZ  |7 0  |p 17A0546344  |o snkČSB 475/8/1955  |i snkČIP 1074/56  |f 1  |3 rekatalogizácia  |0 0  |1 0  |4 0  |d 2007-04-23  |l 0  |r 2026-02-21 20:38:43  |w 2026-02-21 
952 |t č. 1-6  |a SNK  |b SNK  |y PREZ  |7 0  |p 17A1075347  |o snkČSB 475/1/1947 D1  |i snk767/48  |0 0  |1 0  |4 0  |d 2014-04-14  |l 0  |r 2026-02-21 20:51:25  |w 2026-02-21 
952 |t č. 1-6  |a SNK  |b SNK  |y PREZ  |7 0  |p 17A1075427  |o snkČSB 475/46/1993   |i snkČIP 3808/94  |f 1  |0 0  |1 0  |4 0  |d 2014-04-14  |l 0  |r 2026-02-21 20:51:25  |w 2026-02-21 
952 |t č. 1-6  |a SNK  |b SNK  |y PREZ  |7 0  |p 17A0711744  |o snkČSB 475/2/1948  |i snk239/50  |f 1  |0 0  |1 0  |4 0  |d 2014-04-24  |l 0  |r 2026-02-21 21:03:02  |w 2026-02-21 
952 |t č. 1-6  |a SNK  |b SNK  |y PREZ  |7 0  |p 17A0711743  |o snkČSB 475/3/1949  |i snk285/51  |f 1  |0 0  |1 0  |4 0  |d 2014-04-24  |l 0  |r 2026-02-21 21:03:02  |w 2026-02-21 
952 |t č. 1-6  |a SNK  |b SNK  |y PREZ  |7 0  |p 17A0711742  |o snkČSB 475/5/1952  |i snk481/53  |f 1  |0 0  |1 0  |4 0  |d 2014-04-24  |l 0  |r 2026-02-21 21:03:02  |w 2026-02-21 
952 |t č. 1-6  |a SNK  |b SNK  |y PREZ  |7 0  |p 17A0711741  |o snkČSB 475/6/1953  |i snk221/54  |f 1  |0 0  |1 0  |4 0  |d 2014-04-24  |l 0  |r 2026-02-21 21:03:02  |w 2026-02-21 
952 |t č. 1-6  |a SNK  |b SNK  |y PREZ  |7 0  |p 17A0711740  |o snkČSB 475/7/1954  |i snkII 470/55  |f 1  |0 0  |1 0  |4 0  |d 2014-04-24  |l 0  |r 2026-02-21 21:03:02  |w 2026-02-21 
952 |t č. 1-6  |a SNK  |b SNK  |y PREZ  |7 0  |p 17A0711739  |o snkČSB 475/9/1956   |i snkČIP 1243/57  |f 1  |0 0  |1 0  |4 0  |d 2014-04-24  |l 0  |r 2026-02-21 21:03:02  |w 2026-02-21 
952 |t č. 1-6  |a SNK  |b SNK  |y PREZ  |7 0  |p 17A0711738  |o snkČSB 475/10/1957   |i snkČIP 811/58  |f 1  |0 0  |1 0  |4 0  |d 2014-04-24  |l 0  |r 2026-02-21 21:03:02  |w 2026-02-21 
952 |t č. 1-6  |a SNK  |b SNK  |y PREZ  |7 0  |p 17A0711730  |o snkČSB 475/11/1958   |i snkČIP 815/59  |f 1  |0 0  |1 0  |4 0  |d 2014-04-24  |l 0  |r 2026-02-21 21:03:02  |w 2026-02-21 
952 |t č. 1-6  |a SNK  |b SNK  |y PREZ  |7 0  |p 17A0711729  |o snkČSB 475/13/1960  |i snkČIP 3228/61  |f 1  |0 0  |1 0  |4 0  |d 2014-04-24  |l 0  |r 2026-02-21 21:03:02  |w 2026-02-21 
952 |t č. 1-6  |a SNK  |b SNK  |y PREZ  |7 0  |p 17A0711737  |o snkČSB 475/14/1961  |i snkČIP 1417/63  |f 1  |0 0  |1 0  |4 0  |d 2014-04-24  |l 0  |r 2026-02-21 21:03:02  |w 2026-02-21 
952 |t č. 1-6  |a SNK  |b SNK  |y PREZ  |7 0  |p 17A0711735  |o snkČSB 475/15/1962   |i snkČIP 1801/63  |f 1  |0 0  |1 0  |4 0  |d 2014-04-24  |l 0  |r 2026-02-21 21:03:02  |w 2026-02-21 
952 |t č. 1-6  |a SNK  |b SNK  |y PREZ  |7 0  |p 17A0711734  |o snkČSB 475/17/1964  |i snkČIP 1101/65  |f 1  |0 0  |1 0  |4 0  |d 2014-04-24  |l 0  |r 2026-02-21 21:03:02  |w 2026-02-21 
952 |t č. 1-6  |a SNK  |b SNK  |y PREZ  |7 0  |p 17A0711733  |o snkČSB 475/19/1966  |i snkČIP 2226/67  |f 1  |0 0  |1 0  |4 0  |d 2014-04-24  |l 0  |r 2026-02-21 21:03:02  |w 2026-02-21 
952 |t č. 1-6  |a SNK  |b SNK  |y PREZ  |7 0  |p 17A0711732  |o snkČSB 475/21/1968  |i snkČIP 1932/69  |f 1  |0 0  |1 0  |4 0  |d 2014-04-24  |l 0  |r 2026-02-21 21:03:03  |w 2026-02-21 
952 |t č. 1-6  |a SNK  |b SNK  |y PREZ  |7 0  |p 17A0711731  |o snkČSB 475/22/1969  |i snkČIP 1005/71  |f 1  |0 0  |1 0  |4 0  |d 2014-04-24  |l 0  |r 2026-02-21 21:03:03  |w 2026-02-21 
952 |t č. 1-6  |a SNK  |b SNK  |y PREZ  |7 0  |p 17A0711746  |o snkČSB 475/23/1970  |i snkČIP 1119/72  |f 1  |0 0  |1 0  |4 0  |d 2014-04-24  |l 0  |r 2026-02-21 21:03:03  |w 2026-02-21 
952 |t č. 1-6  |a SNK  |b SNK  |y PREZ  |7 0  |p 17A0711755  |o snkČSB 475/24/1971  |i snkČIP 1121/72  |f 1  |0 0  |1 0  |4 0  |d 2014-04-24  |l 0  |r 2026-02-21 21:03:03  |w 2026-02-21 
952 |t č. 1-6  |a SNK  |b SNK  |y PREZ  |7 0  |p 17A0711754  |o snkČSB 475/25/1972  |i snKČIP 1208/73  |f 1  |0 0  |1 0  |4 0  |d 2014-04-24  |l 0  |r 2026-02-21 21:03:03  |w 2026-02-21 
952 |t č. 1-6  |a SNK  |b SNK  |y PREZ  |7 0  |p 17A0711753  |o snkČSB 475/26/1973  |i snkČIP 1075/74  |f 1  |0 0  |1 0  |4 0  |d 2014-04-24  |l 0  |r 2026-02-21 21:03:03  |w 2026-02-21 
952 |t č. 1-6  |a SNK  |b SNK  |y PREZ  |7 0  |p 17A0711751  |o snkČSB 475/27/1974  |i snkČIP 1117/75  |f 1  |0 0  |1 0  |4 0  |d 2014-04-24  |l 0  |r 2026-02-21 21:03:03  |w 2026-02-21 
952 |t č. 1-6  |a SNK  |b SNK  |y PREZ  |7 0  |p 17A0711750  |o snkČSB 475/28/1975  |i snkČIP 2037/76  |f 1  |0 0  |1 0  |4 0  |d 2014-04-24  |l 0  |r 2026-02-21 21:03:03  |w 2026-02-21 
952 |t č. 1-6  |a SNK  |b SNK  |y PREZ  |7 0  |p 17A0711752  |o snkČSB 475/29/1976  |i snkČIP 2124/77  |f 1  |0 0  |1 0  |4 0  |d 2014-04-24  |l 0  |r 2026-02-21 21:03:03  |w 2026-02-21 
952 |t č. 1-6  |a SNK  |b SNK  |y PREZ  |7 0  |p 17A0711749  |o snkČSB 475/30/1977  |f 1  |0 0  |1 0  |4 0  |d 2014-04-24  |l 0  |r 2026-02-21 21:03:03  |w 2026-02-21 
952 |t č. 1-6  |a SNK  |b SNK  |y PREZ  |7 0  |p 17A0711756  |o snkČSB 475/31/1978  |i snkČIP 1092/79  |f 1  |0 0  |1 0  |4 0  |d 2014-04-24  |l 0  |r 2026-02-21 21:03:03  |w 2026-02-21 
952 |t č. 1-6  |a SNK  |b SNK  |y PREZ  |7 0  |p 17A0711736  |o snkČSB 475/32/1979  |i snkČIP 707/80  |f 1  |0 0  |1 0  |4 0  |d 2014-04-24  |l 0  |r 2026-02-21 21:03:03  |w 2026-02-21 
952 |t č. 1-6  |a SNK  |b SNK  |y PREZ  |7 0  |p 17A0711748  |o snkČSB 475/33/1980  |i snkČIP 279/81  |f 1  |0 0  |1 0  |4 0  |d 2014-04-24  |l 0  |r 2026-02-21 21:03:03  |w 2026-02-21 
952 |t č. 1-6  |a SNK  |b SNK  |y PREZ  |7 0  |p 17A0850618  |o snkČSB 475/34/1981  |i snkČIP 931/82  |f 1  |0 0  |1 0  |4 0  |d 2014-04-24  |l 0  |r 2026-02-21 21:03:03  |w 2026-02-21 
952 |t č. 1-6  |a SNK  |b SNK  |y PREZ  |7 0  |p 17A0850616  |o snkČSB 475/35/1982  |i snkČIP 399/83  |f 1  |0 0  |1 0  |4 0  |d 2014-04-24  |l 0  |r 2026-02-21 21:03:03  |w 2026-02-21 
952 |t č. 1-6  |a SNK  |b SNK  |y PREZ  |7 0  |p 17A0850615  |o snkČSB 475/36/1983  |i snkČIP 111/84  |f 1  |0 0  |1 0  |4 0  |d 2014-04-24  |l 0  |r 2026-02-21 21:03:03  |w 2026-02-21 
952 |t č. 1-6  |a SNK  |b SNK  |y PREZ  |7 0  |p 17A0850617  |o snkČSB 475/37/1984  |i snkČIP 331/85  |f 1  |0 0  |1 0  |4 0  |d 2014-04-24  |l 0  |r 2026-02-21 21:03:08  |w 2026-02-21 
952 |t č. 1-6  |a SNK  |b SNK  |y PREZ  |7 0  |p 17A0850673  |o snkČSB 475/38/1985  |i snkČIP 1789/86  |f 1  |0 0  |1 0  |4 0  |d 2014-04-24  |l 0  |r 2026-02-21 21:03:08  |w 2026-02-21 
952 |t č. 1-6  |a SNK  |b SNK  |y PREZ  |7 0  |p 17A0850597  |o snkČSB 475/39/1986  |i snkČIP 2151/87  |f 1  |0 0  |1 0  |4 0  |d 2014-04-24  |l 0  |r 2026-02-21 21:03:08  |w 2026-02-21 
952 |t č. 1-6  |a SNK  |b SNK  |y PREZ  |7 0  |p 17A0850611  |o snkČSB 475/40/1987  |i snkČIP 2603/88  |f 1  |0 0  |1 0  |4 0  |d 2014-04-24  |l 0  |r 2026-02-21 21:03:09  |w 2026-02-21 
952 |t č. 1-6  |a SNK  |b SNK  |y PREZ  |7 0  |p 17A0850610  |o snkČSB 475/41/1988  |i snkČIP 3437/89  |f 1  |0 0  |1 0  |4 0  |d 2014-04-24  |l 0  |r 2026-02-21 21:03:09  |w 2026-02-21 
952 |t č. 1-6  |a SNK  |b SNK  |y PREZ  |7 0  |p 17A0850609  |o snkČSB 475/42/1989  |i snkČIP 3609/90  |f 1  |0 0  |1 0  |4 0  |d 2014-04-24  |l 0  |r 2026-02-21 21:03:09  |w 2026-02-21 
952 |t č. 1-6  |a SNK  |b SNK  |y PREZ  |7 0  |p 17A0713780  |o snkČSB 475/44/1991  |i snkČSP 2630/93  |f 1  |0 0  |1 0  |4 0  |d 2014-04-24  |l 0  |r 2026-02-21 21:03:09  |w 2026-02-21 
952 |t č. 1-6  |a SNK  |b SNK  |y PREZ  |7 0  |p 17A0713779  |o snkČSB 475/45/1992  |i snkČIP 5164/93  |f 1  |0 0  |1 0  |4 0  |d 2014-04-24  |l 0  |r 2026-02-21 21:03:09  |w 2026-02-21 
952 |t č. 1-6  |a SNK  |b SNK  |y PREZ  |7 0  |p 17A0323675  |o snkČSB 475/20/1967  |i snkČIP 1456/68  |f 1  |0 0  |1 0  |4 0  |d 2001-12-06  |l 0  |r 2005-01-02 00:00:00  |w 2026-02-21 
952 |t č. 1-6  |a SNK  |b SNK  |y PREZ  |7 0  |p 17A1076855  |o snkČSB 475/2/1948 D1  |i snkF 5646/65  |8 5  |z č. 1-6  |0 0  |1 0  |4 0  |d 2015-03-24  |l 0  |r 2026-02-21 21:15:56  |w 2026-02-21 
952 |t č. 1-6  |a SNK  |b SNK  |y PREZ  |7 0  |p 17A1152683  |o snkČSB 475/29/1976 D1  |i snkČIP 2123/77  |0 0  |1 0  |4 0  |d 2017-09-27  |l 0  |r 2026-02-21 21:56:28  |w 2026-02-21 
952 |t č. 1-6  |a SNK  |b SNK  |y PREZ  |7 0  |p 17A1152682  |o snkČSB 475/25/1972 D1  |i snkČIP 1209/73  |0 0  |1 0  |4 0  |d 2017-09-27  |l 0  |r 2026-02-21 21:56:28  |w 2026-02-21 
952 |t č. 1-6  |a SNK  |b SNK  |y PREZ  |7 0  |p 17A1152681  |o snkČSB 475/19/1966 D1  |i snkČIP 2227/67  |0 0  |1 0  |4 0  |d 2017-09-27  |l 0  |r 2026-02-21 21:56:28  |w 2026-02-21 
952 |t č. 1-6  |a SNK  |b SNK  |y PREZ  |7 0  |p 17A1152680  |o snkČSB 475/37/1984 D1  |i snkČIP 332/85  |0 0  |1 0  |4 0  |d 2017-09-27  |l 0  |r 2026-02-21 21:56:28  |w 2026-02-21 
952 |t č. 1-6  |a SNK  |b SNK  |y PREZ  |7 0  |p 17A1152679  |o snkČSB 475/34/1981 D1  |i snkČIP 932/82  |0 0  |1 0  |4 0  |d 2017-09-27  |l 0  |r 2026-02-21 21:56:28  |w 2026-02-21 
952 |t č. 1-6 + 6 príl.  |a SNK  |b SNK  |y PREZ  |7 0  |p 17A1366287  |o snkČSB 475/47/1994  |i snk2019/8942  |8 0  |z Prílohy: Kapitoly z dějin meteorologie Českých zemí a na Slovensku (v č. 1,2,4-6) ; Obsah ročníku 1994 (v č. 6)   |f 1  |0 0  |1 0  |4 0  |d 2019-03-29  |l 0  |r 2026-02-21 21:58:46  |w 2026-02-21 
952 |t č. 1-6 + 6 príl.  |a SNK  |b SNK  |y PREZ  |7 0  |p 17A1366286  |o snkČSB 475/47/1994 D1  |i snk2019/8947  |8 0  |z Prílohy: Kapitoly z dějin meteorologie Českých zemí a na Slovensku (v č. 1-2, 4-6) ; Obsah ročníku 1994 (v č. 6)  |0 0  |1 0  |4 0  |d 2019-03-29  |l 0  |r 2026-02-21 21:58:47  |w 2026-02-21 
952 |t č. 1-6, neúplné + 3 príl.  |a SNK  |b SNK  |y PREZ  |7 0  |p 17A1366285  |o snkČSB 475/48/1995  |i snk2019/8949  |8 0  |z Chýba č. 3,5,6 ; Prílohy: Kapitoly z dějin meteorologie Českých zemí a na Slovensku (v č. 1,2,4)  |f 1  |0 0  |1 0  |4 0  |d 2019-03-29  |l 0  |r 2026-02-21 21:58:47  |w 2026-02-21 
952 |t č. 1-6, neúplné + 3 príl.  |a SNK  |b SNK  |y PREZ  |7 0  |p 17A1366284  |o snkČSB 475/48/1995 D1  |i snk2019/8956  |8 0  |z Chýba č. 3,5,6 ; Prílohy: Kapitoly z dějin meteorologie Českých zemí a na Slovensku (v č. 1,2,4)  |0 0  |1 0  |4 0  |d 2019-03-29  |l 0  |r 2026-02-21 21:58:47  |w 2026-02-21 
952 |t č. 1-6  |a SNK  |b SNK  |y PREZ  |7 0  |p 17A1315405  |o snkČSB 475/18/1965 D2  |i snkČIP 2225/67  |z č. 1-6  |0 0  |1 0  |4 0  |d 2019-11-27  |l 0  |r 2026-02-21 22:15:12  |w 2026-02-21